The engagement of Business Management graduates of Cavite State University towards small-scale business. (Record no. 4583)

MARC details
000 -LEADER
fixed length control field 01359nam a22002897a 4500
003 - CONTROL NUMBER IDENTIFIER
control field OSt
005 - DATE AND TIME OF LATEST TRANSACTION
control field 20260120052725.0
008 - FIXED-LENGTH DATA ELEMENTS--GENERAL INFORMATION
fixed length control field 260120b ||||| |||| 00| 0 eng d
040 ## - CATALOGING SOURCE
Language of cataloging English.
Transcribing agency CvSU-CCAT Campus Library.
Description conventions rda.
050 ## - LIBRARY OF CONGRESS CALL NUMBER
Classification number UM HD 62.7
Item number T46 2023
100 ## - MAIN ENTRY--PERSONAL NAME
Personal name Teodoro, Ma. Estrelitha S., author.
9 (RLIN) 18031
245 ## - TITLE STATEMENT
Title The engagement of Business Management graduates of Cavite State University towards small-scale business.
Statement of responsibility, etc. Ma. Estrelitha S. Teodoro, Paula May F. Miracap.
260 ## - PUBLICATION, DISTRIBUTION, ETC.
Place of publication, distribution, etc. Rosario, Cavite :
Name of publisher, distributor, etc. Cavite State University-CCAT Campus,
Date of publication, distribution, etc. 2023.
300 ## - PHYSICAL DESCRIPTION
Extent xi, 84 leaves :
Other physical details illustrations ;
Dimensions 28 cm
500 ## - GENERAL NOTE
General note Undergraduate Thesis (BSBM) -- Cavite State University-CCAT Campus, 2023.
504 ## - BIBLIOGRAPHY, ETC. NOTE
Bibliography, etc. note Includes bibliographical references and appendices.
546 ## - LANGUAGE NOTE
Language note In English text
650 ## - SUBJECT ADDED ENTRY--TOPICAL TERM
Topical term or geographic name entry element Business Management graduates -- Philippines -- Cavite.
9 (RLIN) 18032
650 ## - SUBJECT ADDED ENTRY--TOPICAL TERM
Topical term or geographic name entry element Small business -- Philippines -- Cavite.
9 (RLIN) 18033
650 ## - SUBJECT ADDED ENTRY--TOPICAL TERM
Topical term or geographic name entry element Entrepreneurship -- Philippines.
9 (RLIN) 18034
650 ## - SUBJECT ADDED ENTRY--TOPICAL TERM
Topical term or geographic name entry element Business education -- Graduate outcomes -- Philippines.
9 (RLIN) 18035
700 ## - ADDED ENTRY--PERSONAL NAME
Personal name Miracap, Paul May F., author.
9 (RLIN) 18036
700 ## - ADDED ENTRY--PERSONAL NAME
Personal name Manuel, Laarni R., adviser.
9 (RLIN) 18037
700 ## - ADDED ENTRY--PERSONAL NAME
Personal name Villa, John Leo-vy P., technical critic.
9 (RLIN) 9055
942 ## - ADDED ENTRY ELEMENTS (KOHA)
Source of classification or shelving scheme Library of Congress Classification
Koha item type Thesis/Manuscripts/Dissertations
Classification part HD 62.7 T46 2023
Call number prefix UM
Holdings
Withdrawn status Lost status Source of classification or shelving scheme Damaged status Not for loan Collection code Home library Current library Shelving location Date acquired Coded location qualifier Total Checkouts Full call number Barcode Date last seen Copy number Price effective from Koha item type
    Library of Congress Classification     Thesis/Manuscript/Dissertation Cavite State University - CCAT Campus Cavite State University - CCAT Campus TH 09/24/2025 UM   UM HD 62.7 T46 2023 T0005454 01/20/2026 1 01/20/2026 Thesis/Manuscripts/Dissertations